| 000 | 00978cam a2200169ua 4500 | ||
|---|---|---|---|
| 020 | _c5.00 | ||
| 041 |
_aeng _h |
||
| 082 |
_a631.372 _bIND/TE |
||
| 110 | 1 |
_aIndian standards institution . _bISI _c() |
|
| 245 |
_aTechnical requirements for power take-off pulley for agricultural tractors with type1,IS:9869-1981 / _cIndian standards institution. _hTextual Documents |
||
| 260 |
_a : _bISI , _c1981. |
||
| 300 | _a8 ; . | ||
| 365 | _a5.00 | ||
| 504 | _a | ||
| 942 | _cBK | ||
| 999 |
_c4206 _d4206 |
||